Malay food - Statistics

General Stats
  • This quiz has been taken 15 times
  • The average score is 16 of 31
Answer Stats
foods in english makanan foods in english makanan % Correct
Rice Nasi guava jambu batu
100%
water air
92%
fish ikan durian durian
85%
coffee kopi
85%
chicken ayam papaya betik
77%
bread roti avacado avakado
77%
soup sup rambutan rambutan
77%
ice cream aiskrim lime limau
69%
juice jus
69%
noodles mi watermelon tembikai
69%
milk susu
62%
porridge bubur jackfruit nangka
54%
cake kek jam jem
54%
drinks minuman mango manggu
46%
Drinks in english Minuman
46%
salad salad pomegranate delima
46%
egg telur meat daging
46%
cookie biskut fries kentang goreng
38%
fruits buah potato kentang
38%
peanuts kacang
38%
vegetable sayur honey dew tembikai susu
38%
sausauge sosej starfruit belimbing
38%
dragon fruit buah naga strawberry strawberi
31%
donut donat pear pir
31%
cheese keju mangosteam manggis
31%
jelly agar-agar orange oren
23%
cereal bijirin tea teh
23%
passion fruit markisa grape anggur
23%
sandwich sandwich pineapple nanas
23%
steak stik coconut kelapu
23%
tofu tauhu rose apple jambu air
23%
No matching quizzes found
Score Distribution
Percent of People with Each Score
Percentile by Number Answered
Your Score History
You have not taken this quiz